000 01034nam a22002777a 4500
005 20240530110528.0
008 160309s2013 ua g b 000 0 ara d
017 _a2012/16877
_bمصر . دار الكتب المصرية
020 _a9789774102891
040 _aEG-CaGPL
082 0 4 _221
_a183.2\
_bم ص
100 0 _aمها احمد السيد الشناوى
245 1 0 _aصورة سقراط فى كتابات الفلاسفة و المؤرخين /
_cمها احمد السيد الشناوى
250 _aط1
260 _aالقاهرة :
_bالمكتبة العصرية للنشر و التوزيع ،
_c2013 .
300 _a176 ص ؛
_c24 سم .
504 _aيشتمل على ارجاعات ببليوجرافية
600 0 4 _aسقراط
650 0 4 _aالفلاسفة
650 0 4 _aالحركات الفكرية
650 0 4 _aالادراك
650 0 4 _aالسقراطية
650 0 4 _aالفلسفة الغربية القديمة
942 _2ddc
_cBK
999 _c62034
_d62034